|
|
|
|
| LEADER |
02949njm a2200673 a 4500 |
| 001 |
000153833 |
| 003 |
CZ BrMZK |
| 005 |
20201027201745.0 |
| 008 |
010907s1995 xr f cze d |
| 028 |
0 |
1 |
|a 0204
|b Happy Music
|
| 040 |
|
|
|a BOA001
|b cze
|
| 072 |
|
7 |
|a 821-93
|x Literatura pro děti a mládež (beletrie)
|2 Konspekt
|9 26
|
| 072 |
|
7 |
|a 821.162.3-3
|x Česká próza
|2 Konspekt
|9 25
|
| 080 |
|
|
|a 821.162.3-34
|2 MRF
|
| 080 |
|
|
|a (0:82-34)398.21
|2 MRF
|
| 080 |
|
|
|a (086.7.053.2)
|2 MRF
|
| 080 |
|
|
|a (086.7)
|2 MRF
|
| 100 |
1 |
|
|a Erben, Karel Jaromír,
|d 1811-1870
|7 jk01030532
|4 aut
|
| 245 |
1 |
0 |
|a Pohádky
|h [zvukový záznam].
|n Část 1 /
|c Karel Jaromír Erben ; [režie Ivan Holeček ; hudba Jiří Doubek].
|
| 246 |
3 |
3 |
|a Dlouhý, Široký a Bystrozraký
|
| 246 |
3 |
3 |
|a Dobře tak, že je smrt na světě
|
| 246 |
3 |
3 |
|a Jezinky
|
| 246 |
3 |
3 |
|a Otesánek
|
| 246 |
3 |
3 |
|a Pták Ohnivák
|
| 260 |
|
|
|a Praha :
|b Happy Music,
|c p1995
|
| 300 |
|
|
|a 1 MC :
|b stereo HX PRO +
|e 1 složený list.
|
| 306 |
|
|
|a 008833
|
| 500 |
|
|
|a Nahr. neuv
|
| 500 |
|
|
|a Durata 88:33
|
| 505 |
2 |
|
|a Dlouhý, Široký a Bystrozraký, Dobře tak, že je smrt na světě, Jezinky ... [et al.]
|
| 511 |
0 |
|
|a Miroslav Moravec,vypravěč; Ladislav Mrkvička, vypravěč; Lukáš Hlavica, vypravěč ... [et al.].
|
| 655 |
|
7 |
|a české pohádky
|7 fd133970
|2 czenas
|
| 655 |
|
4 |
|a lidové pohádky
|
| 655 |
|
7 |
|a zvukové záznamy pro děti a mládež
|7 fd186726
|2 czenas
|
| 655 |
|
7 |
|a zvukové kazety
|7 fd186720
|2 czenas
|
| 700 |
1 |
|
|a Švehlová, Jarmila,
|d 1956-
|7 xx0175062
|4 prf
|
| 700 |
1 |
|
|a Moravec, Miroslav,
|d 1939-2009
|7 jn19981001864
|4 prf
|
| 700 |
1 |
|
|a Mrkvička, Ladislav,
|d 1939-2020
|7 jn19990209567
|4 prf
|
| 700 |
1 |
|
|a Přeučil, Jan,
|d 1937-
|7 jn19990209695
|4 prf
|
| 700 |
1 |
|
|a Prager, Jiří,
|d 1951-
|7 jx20051216046
|4 prf
|
| 700 |
1 |
|
|a Svobodová, Ilona,
|d 1960-
|7 ola2002142377
|4 prf
|
| 700 |
1 |
|
|a Syslová, Dana,
|d 1945-
|7 ola2002142385
|4 prf
|
| 700 |
1 |
|
|a Vlach, Oldřich,
|d 1941-
|7 jn19990209993
|4 prf
|
| 700 |
1 |
|
|a Zinková, Viola,
|d 1925-2017
|7 jn19990210844
|4 prf
|
| 700 |
1 |
|
|a Doubek, Jiří
|7 jn19981000749
|4 cmp
|
| 700 |
1 |
|
|a Holeček, Ivan,
|d 1940-
|7 jx20040615022
|4 drt
|
| 700 |
1 |
|
|a Bedrna, Vlastimil,
|d 1929-2018
|7 jn20000710007
|4 prf
|
| 700 |
1 |
|
|a Brzobohatý, Radoslav,
|d 1932-2012
|7 jn19990009812
|4 prf
|
| 700 |
1 |
|
|a Dlouhý, Michal,
|d 1968-
|7 jn19981000679
|4 nrt
|
| 700 |
1 |
|
|a Hábl, Karel,
|d 1936-2024
|7 jo2005314341
|4 prf
|
| 700 |
1 |
|
|a Haničinec, Petr,
|d 1930-2007
|7 jn19981001403
|4 prf
|
| 700 |
1 |
|
|a Hlavica, Lukáš,
|d 1965-
|7 js20051017086
|4 prf
|
| 700 |
1 |
|
|a Klem, Jiří,
|d 1944-
|7 jn20000710194
|4 prf
|
| 700 |
1 |
|
|a Lackovič, Otto,
|d 1927-2008
|7 jn19990209467
|4 prf
|
| 700 |
1 |
|
|a Laurinová, Sabina,
|d 1972-
|7 mzk2003169591
|4 prf
|
| 700 |
1 |
|
|a Šecová, Inka,
|d 1943-2019
|7 ola2006340295
|4 prf
|
| 910 |
|
|
|a BOA001
|b KZ-0004.056,1
|
| 990 |
|
|
|a AV
|
| 996 |
6 |
|
|b 261H004096
|c KZ-0004.056,1
|l MZK
|r Sklad / do 24 hodin
|n 0
|p p.v.
|w 000153833
|u 000010
|a 1
|e BOA001
|j MZK50
|s P
|